| 000 | nam a22 7a 4500 | ||
|---|---|---|---|
| 999 |
_c15233 _d15233 |
||
| 008 | 161027b xxu||||| |||| 00| 0 eng d | ||
| 020 | _a9780136093527 | ||
| 020 | _a0136093523 | ||
| 050 | _aHF 5549 .G64 2009 | ||
| 100 | _aGomez-Mejia, Luis R. | ||
| 245 |
_aManaging Human Resources/ _cLuis R. Gomez-Mejia, David B. Balkin and Robert L. Cardy |
||
| 250 | _a6th ed. | ||
| 260 |
_aBoston: _bPrentice Hall, _c2009 |
||
| 300 |
_axxviii, 654p. : _bill. ; _c28cm |
||
| 500 | _aIncludes bibliographical references and index. | ||
| 650 | _aPersonnel management. | ||
| 700 | _aBalkin, David B. | ||
| 700 | _aCardy, Robert L. | ||
| 942 |
_2lcc _cBOOKS _hHF 5549 .G64 2009 |
||